Estudios de Derecho Penal Juvenil III

Uloženo v:
Podrobná bibliografie
Korporativní autor: Centro de Documentación Defensoría Penal Pública (Autor)
Médium: Kniha
Jazyk:španělština
Vydáno: Santiago Centro de Documentación Defensoría Penal Pública 2012
Edice:Informes en Derecho, 11
Témata:
Tagy: Přidat tag
Žádné tagy, Buďte první, kdo vytvoří štítek k tomuto záznamu!

MARC

LEADER 00000cam a2200000 a 4500
001 UCF7024
003 CL-VaPUC
008 130606e20121000CL |||||||||||||||||spa|d
020 |a 9789568349042o.c 
020 |a 9789568349349v.11 
082 0 4 |a 345.8305  |b CEN  |2 21 
110 2 |a Centro de Documentación Defensoría Penal Pública  |e author  |9 568993 
245 1 0 |a Estudios de Derecho Penal Juvenil III 
300 |a 188 p 
942 |c BK 
945 |d 20130606 00:00:00  |a dcastane 
260 |a Santiago  |b Centro de Documentación Defensoría Penal Pública  |c 2012 
650 0 |a Derecho procesal penal  |9 255496 
650 7 |a DERECHO PENAL  |2 CL-VaPUC  |9 11 
650 0 |a Reforma procesal penal   |9 471095 
583 |a last modification  |c 20130719 12:10:33  |k Rodrigo Vera 
490 0 |a Informes en Derecho, 11 
999 |c 351984  |d 351982 
952 |0 0  |1 0  |4 0  |6 345_830500000000000_CEN_2012  |7 0  |8 A  |9 456461  |a BIBDER  |b BIBDER  |d 2019-11-22  |i 4978501  |l 1  |o 345.8305 CEN 2012  |p 4978501  |r 2023-03-20  |s 2023-03-17  |w 2019-11-22  |y BK  |k DER